The Confident student (Record no. 84645)

MARC details
000 -LEADER
fixed length control field 00743nam a22002777a 4500
003 - CONTROL NUMBER IDENTIFIER
control field URS
005 - DATE AND TIME OF LATEST TRANSACTION
control field 20250828100450.0
008 - FIXED-LENGTH DATA ELEMENTS--GENERAL INFORMATION
fixed length control field 250331b ||||| |||| 00| 0 eng d
020 ## - INTERNATIONAL STANDARD BOOK NUMBER
International Standard Book Number 0-395-70884-2
040 ## - CATALOGING SOURCE
Transcribing agency URS
050 ## - LIBRARY OF CONGRESS CALL NUMBER
Classification number LB2395
Item number .K131 1995
100 1# - MAIN ENTRY--PERSONAL NAME
Personal name Kanar, Carol C.
245 ## - TITLE STATEMENT
Title The Confident student
250 ## - EDITION STATEMENT
Edition statement Second edition
264 ## - PRODUCTION, PUBLICATION, DISTRIBUTION, MANUFACTURE, AND COPYRIGHT NOTICE
Place of production, publication, distribution, manufacture Boston
Name of producer, publisher, distributor, manufacturer Houghton Mifflin
Date of production, publication, distribution, manufacture, or copyright notice ©1995
300 ## - PHYSICAL DESCRIPTION
Extent 436 pages
Dimensions 27 cm.
336 ## - CONTENT TYPE
Source rdacontent
Content type term text
337 ## - MEDIA TYPE
Source rdamedia
Media type term unmediated
338 ## - CARRIER TYPE
Source rdacarrier
Carrier type term volume
650 ## - SUBJECT ADDED ENTRY--TOPICAL TERM
Topical term or geographic name entry element Study skills
650 #0 - SUBJECT ADDED ENTRY--TOPICAL TERM
Topical term or geographic name entry element Time management
9 (RLIN) 5415
650 #0 - SUBJECT ADDED ENTRY--TOPICAL TERM
Topical term or geographic name entry element Critical thinking
9 (RLIN) 1557
650 #0 - SUBJECT ADDED ENTRY--TOPICAL TERM
Topical term or geographic name entry element Confidence
9 (RLIN) 11906
650 #0 - SUBJECT ADDED ENTRY--TOPICAL TERM
Topical term or geographic name entry element College student orientation
9 (RLIN) 3787
942 ## - ADDED ENTRY ELEMENTS (KOHA)
Koha item type Continuing Resources
Source of classification or shelving scheme Library of Congress Classification
Holdings
Withdrawn status Source of classification or shelving scheme Damaged status Not for loan Collection code Home library Current library Date acquired Total Checkouts Full call number Barcode Date last seen Price effective from Koha item type
  Library of Congress Classification     Non-fiction Morong Graduate Library Morong Graduate Library 03/31/2025   LB2395 .K131 1995 URSMOR-GL-1224 03/31/2025 03/31/2025 Continuing Resources

University of Rizal System
Email us at univlibservices@urs.edu.ph

Visit our Website www.urs.edu.ph/library